| 000 | 01371cam a2200361 i 4500 | ||
|---|---|---|---|
| 001 | 015748243 | ||
| 003 | EG-ScBUE | ||
| 005 | 20241127095606.0 | ||
| 008 | 110202t2012 enka f b 001 0 eng d | ||
| 020 | _a9780273753186 (pbk.) | ||
| 020 | _a0273753185 (pbk.) | ||
| 040 |
_aStDuBDS _beng _erda _cStDuBDS _dUk _dEG-ScBUE |
||
| 082 | 0 | 4 |
_a519.502465 _222 _bBER |
| 100 | 1 |
_aBerenson, Mark L., _eauthor. _936476 |
|
| 245 | 1 | 0 |
_aBasic business statistics : _bconcepts and applications / _cMark L. Berenson, Department of Management and Information Systems, School of Business, Montclair State University, David M. Levine, Timothy C. Krehbiel. |
| 250 | _aTwelfth edition. | ||
| 250 | _aGlobal edition. | ||
| 264 | 1 |
_aHarlow, United Kingdom : _bPearson Education Limited, _c[2012] |
|
| 264 | 4 | _cc2012 | |
| 300 |
_a889 pages : _bcolor illustrations ; _c28 cm |
||
| 336 |
_2rdacontent _atext _btxt |
||
| 337 |
_aunmediated _2rdamedia _bn |
||
| 338 |
_avolume _bnc _2rdacarrier |
||
| 500 | _aIncludes appendixes. | ||
| 504 | _aIncludes bibliographical references and index. | ||
| 650 | 7 |
_aCommercial statistics. _2BUEsh _9802 |
|
| 650 | 7 |
_aMathematical statistics. _2BUEsh _97173 |
|
| 653 |
_bBUSADM _cNovember2014 |
||
| 655 |
_vReading book _934232 |
||
| 700 | 1 |
_aLevine, David M., _eauthor. _936477 |
|
| 700 | 1 |
_aKrehbiel, Timothy C., _eauthor. _936478 |
|
| 942 |
_2ddc _cBB |
||
| 999 |
_c18589 _d18561 |
||